00608nam a22001697a 450000500170000001000150001702000260003203500140005803700090007208200080008110000180008924500790010726000360018627001570022230000320037970000270041120240530162153.0 aENG-140562 c850.00a9788119664139 aEN-124094 aDBAD a920 aJayaraj, Lata aChristians In Nation Building/cBy Lata Jayaraj [and] Saveri Raj Augustine aBengalurubATC Publishersc2022 aSt Mary's Block, Archdiocesan Pastoral Centre5 Mandidurga Road,Benson Town bBengalurue700053k+91-80-25491999k+91-80-25492999minfo@atcpublishers.com a108p. c21cm(hb)bill., col aAugustine, Saveri Raj